000
00304nam a22001217a 4500
082
_a
346.03
_b
KAP
100
_a
Kapoor, S.K.
245
_a
Ratan Lal Law of Torts /
_c
S.K. Kapoor
260
_a
Lahore :
_b
Central Law Agency,
_c
N.A.
300
_a
250 p. ;
_c
24 cm.
563
_a
HB.
942
_2
ddc
_c
BK
999
_c
616016
_d
616016